| 000 | 00791nam2a2200205 4500 | ||
|---|---|---|---|
| 001 | RU\NLR\PER_A\003154711_000530 | ||
| 005 | 20250626143537.0 | ||
| 035 | _a(NLR Aleph) 011880928 | ||
| 090 |
_a12248617 _c12248617 |
||
| 100 | _a20181205d2018 |||y0rusy50 ca | ||
| 101 | 0 | _arus | |
| 102 | _aRU | ||
| 200 | 0 | _a2018, вып. 3 (38) | |
| 210 |
_d2018 _aБ. м. |
||
| 461 | 0 |
_1001RU\NLR\INFOCOMM6\5000010232 _12001#$aТехника радиосвязи$eНауч.-техн. сб.$fНИИ приборостроения$v2018, вып. 3 (38) _93039185 _cОмск _d1959- _fНИИ приборостроения _oНауч.-техн. сб. _tТехника радиосвязи _x2075-8693 _v2018, вып. 3 (38) |
|
| 852 |
_aNLR _jП11/1857 |
||
| 942 | _cISSUE | ||
| 980 | _aNB | ||
| 980 | _aRUSPER | ||